Logo BPK

Bibliografia Prac Pracowników

Politechniki Koszalińskiej

Podstawy technologii wytwarzania ściernic ceramicznych pracujących z podwyższonymi prędkościami obwodowymi / (Rekord nr 3191)

Szczegóły MARC
000 -ETYKIETA REKORDU
podpole kontrolne o stałej długości 01449nab a2200241 i 4500
001 - NUMER KONTROLNY REKORDU
podpole kontrolne BPP
003 - IDENTYFIKATOR NUMERU KONTROLNEGO REKORDU
podpole kontrolne BPK
005 - DATA OSTATNIEJ MODYFIKACJI REKORDU
podpole kontrolne 20190610114405.0
008 - POLE O STAŁEJ DŁUGOŚCI - DANE KONTROLNE
podpole kontrolne o stałej długości 140425s1983 pl f |000 0 pol
040 ## - ŹRÓDŁO KATALOGOWANIA
Instytucja, która utworzyła rekord BPK
080 ## - UNIWERSALNA KLASYFIKACJA DZIESIĘTNA - UKD
UKD 621.921
080 ## - UNIWERSALNA KLASYFIKACJA DZIESIĘTNA - UKD
UKD 666
100 ## - NAZWA OSOBOWA
Nazwa osobowa WOŹNIAK, Kazimierz.
Lata pracy 1980 - 1989.
Instytucja Wyższa Szkoła Inżynierska w Koszalinie - Instytut Inżynierii Materiałowej,
Wydział Zakład Chemii Fizycznej
245 ## - TYTUŁ/ODPOWIEDZIALNOŚĆ
Tytuł Podstawy technologii wytwarzania ściernic ceramicznych pracujących z podwyższonymi prędkościami obwodowymi /
Pozostałe elementy strefy tytułu i oznaczenia odpowiedzialności Kazimierz Woźniak, Daniela Herman.
260 ## - STREFA ADRESU WYDAWNICZEGO
Data publikacji, dystrybucji/powstania dokumentu 1983.
500 ## - UWAGI OGÓLNE
Tekst uwagi Dane z autopsji.
520 ## - UWAGA DOTYCZĄCA TREŚCI DOKUMENTU
Analiza dokumentacyjna, adnotacja itp. W artykule omówiono naprężenia w pracujących ściernicach, a prędkość obwodowa. Przeprowadzono analizę kryteriów doboru spoiw ceramicznych do węglika krzemu i elektrokorundów. Przedstawiono wpływ składu tlenkowego i surowcowego spoiw na mikrotwardość i wytrzymałość mechaniczną. Omówiono reaktywność spoiw w stosunku do materiałów ściernych oraz spoiwa dewitryfikacyjne. Przeanalizowano parametry obróbki termicznej, a krystalizacja spoiw i ich wytrzymałość mechaniczna.
650 #0 - HASŁO PRZEDMIOTOWE W FORMIE NAZWY OGÓLNEJ LUB JEDNOSTKOWEJ
Nazwa ogólna lub geograficzna Ceramika.
650 #0 - HASŁO PRZEDMIOTOWE W FORMIE NAZWY OGÓLNEJ LUB JEDNOSTKOWEJ
Nazwa ogólna lub geograficzna Ściernica
700 ## - HASŁO DODATKOWE - NAZWA OSOBOWA
Nazwa osobowa HERMAN, Daniela.
Lata pracy 1974 - 1996.
Instytucja Wyższa Szkoła Inżynierska w Koszalinie - Instytut Inżynierii Materiałowej,
Wydział Zakład Chemii Fizycznej
773 ## - TYTUŁ DOKUMENTU MACIERZYSTEGO
Wyrażenie wprowadzające W :
Tytuł Szkło i Ceramika. -
Informacje dotyczące relacji 1983, R. 34, nr 1, s. 28-34
942 ## - HASŁO DODATKOWE - ELEMENTY(KOHA)
Typ dokumentu Artykuł
Schemat klasyfikacji Uniwersalna klasyfikacja dziesiętna
Egzemplarze
Wycofany Zagubiony Uszkodzony Dostępność Lokalizacja stała Lokalizacja bieżąca Sygnatura Typ dokumentu
      Dostępny Bibliografia Prac Pracowników - BPK Bibliografia Prac Pracowników - BPK 0312 Artykuł
© 2014 Biblioteka Politechniki Koszalińskiej :: BIBLIOGRAFIA PRAC PRACOWNIKÓW